000 04933 a2200421 4500
005 20091030140547.0
008 091030t xxu||||| |||| 00| 0hin d
010 _aB-307011-027
020 _a8180180840
_c175.00
035 _aB-307011-027
037 _bनेशनल पब्लिशिंग हाउस
040 _aDPL
_bHN
082 _a352.00722
100 _aकटारिया, सुरेन्द्र
245 _aपंचायती राज संस्थाएँ /
_cसुरेन्द्र कटारिया
260 _aनई दिल्ली
_bनेशनल पब्लिशिंग हाउस
_c2007
270 _a2/35 अंसारी रोड़, दरियागंज
_bनई दिल्ली
_e110002
_cनई दिल्ली
300 _a318पृ,
_c22 सेमी (अजिल्द)
942 _adpl
_cHN
_k/ कटारि
_2ddc
_h352.00722
_mकटारि
999 _c12710
_d12710